01612cam a22004214i 4500003000900000005001700009008004100026020001800067020001500085035002000100040003300120041001300153049000900166082002000175100003100195245013400226264006100360300004300421336002100464337002500485338002300510504003400533505008900567526000900656526000900665526000800674526000800682526000800690526000800698650002800706910002800734942001400762994001400776596000600790999017000796980005500966952016901021PE-LiUPU20250731175626.0190107s2017 mau r 000 0 eng d a9781683070658 a1683070658 a(Sirsi) a251306 aPE-LiUPUbspacPE-LiUPUerda1 aarcaeng aPRUA04a492.29bK622201 aKline, Jonathan G.,eautor10aKeep up your biblical Aramaic in two minutes a day :b365 selections for easy review /ccompiled and edited by Jonathan G. Kline. 1aPeabody, Massachusetts :bHendrickson Publishers,c2017. axiv, 369 páginas ;c20 centímetros atext2rdacontent aunmediated2rdamedia avolume2rdacarrier aÍndice : páginas 367-369.0 aKeep up your biblical aramaic in two minutes a day -- Index of scripture references. aP145 aP127 aP97 aP35 aP14 aP0704aIdioma arameovLectores adbmbncfcncfd20190107 2ddccBOOK aC0bPEPRU a1 a492.29 K62wDEWEYc30725i79722d30725f2021-11-11g4lCCODEBUL1mBULp31.86q1r0sYtBOOKu2019-1-7xTEOLOGIAPP850COMPRA1FCOMPR2o.STAFF. Colección Teología 81gALBERTO SANCHEZ Responsable de Automatización r2025-12-02 00:00:00i5l0o492.29 K62p79722te1v36.86w2019-01-07xPGyBKzinventario-2023-12-13102ddc50708GENfP85aBULbBULcGENd2019-01-07eCOMPRAg31.86